| 000 | 00715 a2200241 4500 | ||
|---|---|---|---|
| 003 | 0198967 | ||
| 005 | 20250827164851.0 | ||
| 008 | 250827b |||||||| |||| 00| 0 eng d | ||
| 020 | _a978-1-50991-113-4 | ||
| 040 |
_cNile University of Nigeria, Abuja. _erda |
||
| 050 | _aKC 341 .05 | ||
| 082 | _aKC 341 .O5 | ||
| 100 |
_aOkoli, Adeshina Samuel Chukwuma _d2020 |
||
| 245 |
_aPrivate International Law in Nigeria _cOppong, Frimpong Richard |
||
| 260 |
_aNew York ,USA _bHart Publishing _c2020 |
||
| 264 |
_aNew York, USA _bHart Publishing _c2020 |
||
| 300 | _bxlvi, 473 pg., 30 cm. | ||
| 336 | _2rdacontent | ||
| 338 | _2rdacarrier | ||
| 500 | _aIndex | ||
| 650 | _aInternational Law | ||
| 942 |
_2lcc _cBK |
||
| 999 |
_c43609 _d43609 |
||